20th century fashion
Αποθηκεύτηκε σε:
| Κύριος συγγραφέας: | |
|---|---|
| Άλλοι συγγραφείς: | |
| Μορφή: | Βιβλίο |
| Γλώσσα: | English |
| Δημοσίευση: |
London :
Thames & Hudson,
2003, c1999.
|
| Σειρά: | World of art
|
| Θέματα: | |
| Ετικέτες: |
Προσθήκη ετικέτας
Δεν υπάρχουν, Καταχωρήστε ετικέτα πρώτοι!
|
MARC
| LEADER | 00000cam a2200000 i 4500 | ||
|---|---|---|---|
| 001 | 1/25564 | ||
| 008 | 130207s2003 enk| ||| |||| ||eng|| | ||
| 020 | |a 0500203210 | ||
| 035 | |l 10113667 | ||
| 040 | |a GR-MyUa |b gre |e AACR2 | ||
| 041 | 0 | |a eng | |
| 082 | 7 | |a 391.00904 |2 (22) | |
| 100 | 1 | |a Mendes, Valerie D. | |
| 245 | 1 | 0 | |a 20th century fashion / |c Valerie Mendes, Amy de la Haye. |
| 246 | 1 | |i Άλλες παραλλαγές του τίτλου: |a Twentieth century fashion | |
| 260 | |a London : |b Thames & Hudson, |c 2003, c1999. | ||
| 300 | |a 288 σ. : |b εικ. ; |c 21 εκ. | ||
| 490 | 1 | |a (World of art) | |
| 504 | |a Βιβλιογραφία: σ. 274-281. Ευρετήριο. | ||
| 650 | 0 | |a Fashion |x History |y 20th century. | |
| 700 | 1 | |a De La Haye, Amy. | |
| 830 | 0 | |a World of art | |
| 852 | |a INST |b SYROS |e 20130207 |h 391.00904 MEN |p 005500010529 |q 005500010529 |t BK |y 0 | ||
| 901 | |a BIBL5-2013-1 | ||
| 970 | |a Κοντού |b Παρασκευή |z 07/02/2013 | ||